Minecraft 1.16: The Nether Update Items - Statistics

General Stats
  • This quiz has been taken 71 times
  • The average score is 13 of 16
Answer Stats
Hint Answer % Correct
Material stronger than diamonds Netherite
98%
Species of pig people who love bartering for gold Piglin
93%
After nearly a decade, this obsidian variant was finally added to Minecraft Crying Obsidian
91%
Structure where the above mob lives Bastion
90%
These variants of torches and lanterns have blue fire, instead of the regular orange Soul
90%
Large, pig-like beast native to the Nether; a decent source of pork Hoglin
88%
“Ore” required to mine and smelt to craft the above material Ancient Debris
86%
First new music disc since 2011, and it is FIRE! Pigstep
86%
Two new colourful wood(?) types: Warped
86%
Traverse across seas of lava with these fungus-loving creatures Strider
84%
Two new colourful wood(?) types: Crimson
83%
Stone block found in its self named deltas Basalt
81%
Decorative block crafted from iron that sadly cannot be used to craft the similarly named armour Chain
76%
Shooting a projectile at this block will send out a redstone signal Target
74%
Players can configure their compasses to track this block Lodestone
71%
Allows the player to set a spawn point in the Nether Respawn Anchor
71%
No matching quizzes found
Score Distribution
Percent of People with Each Score
Percentile by Number Answered
Your Score History
You have not taken this quiz